000 00424nam a2200145Ia 4500
008 151021s9999 xx 000 0 und d
020 _a130894966
050 _aHD 30.2 .N53 2003
245 _a_Business and Information Systems(2nd ed) Robert C.Nickerson
260 _aNew Jersey Prentice hall 2000
300 _axxv,494p.;ill
500 _aIncludes index.
650 _a_Busines
980 _a^d20110812 04:26:34^oanne
999 _c8114
_d8114